<?xml version="1.0" encoding="UTF-8"?>
<record
    xmlns:xsi="http://www.w3.org/2001/XMLSchema-instance"
    xsi:schemaLocation="http://www.loc.gov/MARC21/slim http://www.loc.gov/standards/marcxml/schema/MARC21slim.xsd"
    xmlns="http://www.loc.gov/MARC21/slim">

  <leader>03101nam a22002417a 4500</leader>
  <controlfield tag="005">20250805092750.0</controlfield>
  <controlfield tag="008">250107b           ||||| |||| 00| 0 eng d</controlfield>
  <datafield tag="020" ind1=" " ind2=" ">
    <subfield code="a">9781265123031</subfield>
  </datafield>
  <datafield tag="040" ind1=" " ind2=" ">
    <subfield code="c">AL</subfield>
  </datafield>
  <datafield tag="041" ind1=" " ind2=" ">
    <subfield code="a">English</subfield>
  </datafield>
  <datafield tag="082" ind1=" " ind2=" ">
    <subfield code="2">23</subfield>
    <subfield code="a">576</subfield>
    <subfield code="b">WILP</subfield>
  </datafield>
  <datafield tag="100" ind1=" " ind2=" ">
    <subfield code="a">Joanne M Willey</subfield>
    <subfield code="9">233838</subfield>
  </datafield>
  <datafield tag="245" ind1=" " ind2=" ">
    <subfield code="a">Prescotts Microbiology</subfield>
  </datafield>
  <datafield tag="250" ind1=" " ind2=" ">
    <subfield code="a">12</subfield>
  </datafield>
  <datafield tag="260" ind1=" " ind2=" ">
    <subfield code="a">New York</subfield>
    <subfield code="b">McGraw Hill</subfield>
    <subfield code="c">2023</subfield>
  </datafield>
  <datafield tag="300" ind1=" " ind2=" ">
    <subfield code="a">xxiii,998p</subfield>
    <subfield code="b">PB</subfield>
    <subfield code="c">28x22 cm</subfield>
  </datafield>
  <datafield tag="365" ind1=" " ind2=" ">
    <subfield code="a">IN-204</subfield>
    <subfield code="b">&#x20B9;4000.00</subfield>
    <subfield code="c">&#x20B9;</subfield>
    <subfield code="d">&#x20B9;4000.00</subfield>
    <subfield code="f">17-12-2024</subfield>
  </datafield>
  <datafield tag="520" ind1=" " ind2=" ">
    <subfield code="a">Part One Introduction to Microbiology
Chapter: 1. The Evolution of Microorganisms and Microbiology
Chapter: 2. Microscopy
Chapter: 3. Bacterial Cell Structure
Chapter: 4. Archaeal Cell Structure
Chapter: 5. Eukaryotic Cell Structure
Chapter: 6. Viruses and Other Acellular Infectious Agents
Part Two Microbial Nutrition, Growth, and Control
Chapter: 7. Bacterial and Archaeal Growth
Chapter: 8. Control of Microorganisms in the Environment
Chapter: 9. Antimicrobial Chemotherapy

Part Three Microbial Metabolism
Chapter: 10. Introduction to Metabolism
Chapter: 11. Catabolism: Energy Release and Conservation
Chapter: 12. Anabolism: The Use of Energy in Biosynthesis
Part Four Microbial Molecular Biology and Genetics
Chapter: 13. Bacterial Genome Replication and Expression
Chapter: 14. Regulation of Cellular Processes
Chapter: 15. Eukaryotic and Archaeal Genome Replication and Expression
Chapter: 16. Mechanisms of Genetic Variation
Chapter: 17. Microbial DNA Technologies
Chapter: 18. Microbial Genomics

Part Five The Diversity of the Microbial World
Chapter: 19. Archaea
Chapter: 20. Nonproteobacterial Gram-Negative Bacteria
Chapter: 21. Proteobacteria
Chapter: 22. Gram-Positive Bacteria
Chapter: 23. Protists
Chapter: 24. Fungi
Chapter: 25. Viruses
Part Six Ecology and Symbiosis
Chapter: 26. Exploring Microbes in Ecosystems
Chapter: 27. Microbial Interactions
Chapter: 28. Biogeochemical Cycling and Global Climate Change
Chapter: 29. Microorganisms in Marine and Freshwater Ecosystems
Chapter: 30. Microorganisms in Terrestrial Ecosystems
Part Seven Pathogenicity and Host Response
Chapter: 31. Innate Host Resistance
Chapter: 32. Adaptive Immunity
Chapter: 33. The Microbe-Human Ecosystem
Chapter: 34. Infection and Pathogenicity 
Part Eight Microbial Diseases, Detection, and Their Control
Chapter: 35. Epidemiology and Public Health Microbiology
Chapter: 36. Clinical Microbiology and Immunology
Chapter: 37. Human Diseases Caused by Viruses and Prions
Chapter: 38. Human Diseases Caused by Bacteria
ChapPart Nine Applied Microbiology
Chapter: 40. Microbiology of Food
Chapter: 41. Biotechnology and Industrial Microbiology
Chapter: 42. Applied Environmental Microbiology

Appendix 1 A Review of the Chemistry of Biological Molecules
Appendix 2 Common Metabolic Pathways
Appendix 3 Microorganism Pronunciation Guideter: 39. Human Diseases Caused by Fungi and Protists





</subfield>
  </datafield>
  <datafield tag="650" ind1=" " ind2=" ">
    <subfield code="a">Microbiology</subfield>
    <subfield code="9">192430</subfield>
  </datafield>
  <datafield tag="700" ind1=" " ind2=" ">
    <subfield code="a">Sandman, Kathleen M</subfield>
    <subfield code="9">192431</subfield>
  </datafield>
  <datafield tag="700" ind1=" " ind2=" ">
    <subfield code="a">Wood, Dorothy H</subfield>
    <subfield code="9">192432</subfield>
  </datafield>
  <datafield tag="942" ind1=" " ind2=" ">
    <subfield code="2">ddc</subfield>
    <subfield code="c">BK</subfield>
  </datafield>
  <datafield tag="999" ind1=" " ind2=" ">
    <subfield code="c">233533</subfield>
    <subfield code="d">233533</subfield>
  </datafield>
  <datafield tag="952" ind1=" " ind2=" ">
    <subfield code="0">0</subfield>
    <subfield code="1">0</subfield>
    <subfield code="2">ddc</subfield>
    <subfield code="4">0</subfield>
    <subfield code="7">0</subfield>
    <subfield code="8">MB</subfield>
    <subfield code="a">AL</subfield>
    <subfield code="b">AL</subfield>
    <subfield code="d">2025-01-04</subfield>
    <subfield code="e">amazon.in</subfield>
    <subfield code="g">4000.00</subfield>
    <subfield code="l">0</subfield>
    <subfield code="o">576 WILP</subfield>
    <subfield code="p">077480</subfield>
    <subfield code="r">2025-01-07 00:00:00</subfield>
    <subfield code="v">4000.00</subfield>
    <subfield code="w">2025-01-07</subfield>
    <subfield code="y">BK</subfield>
  </datafield>
</record>
